| 000 | 00683cam a22002177a 4500 | ||
|---|---|---|---|
| 003 | MX-MxUPN | ||
| 005 | 20240305063740.0 | ||
| 008 | 230816s1964 mx||||||r|||| 000 0 spa d | ||
| 040 |
_aMX-MxUPN _bspa |
||
| 050 | 4 |
_aLB1643 M63 _bL64 1964 |
|
| 100 | 1 |
_949954 _aLópez González Pacheco, Agustín |
|
| 100 | 1 |
_949956 _aGonzález Villaseñor, José |
|
| 245 | 1 | 0 |
_aCivismo : _btercero de secundaria |
| 246 | 1 | 4 |
_aCivismo : _btercer año |
| 250 | _aSegunda edición | ||
| 260 |
_aMéxico, D.F.: _bProgreso, _c1964 |
||
| 300 | _a176 páginas | ||
| 650 | 4 |
_aCivismo _xEstudio y enseñanza (Secundaria) _91512 |
|
| 902 |
_aLC16082023 _bVíctorGodínez/120923 |
||
| 942 |
_2lcc _cLIBRO |
||
| 999 |
_c210056 _d210056 |
||